000 00391nam a22001697a 4500
003 CEME
005 20210628203030.0
008 210128b xxu||||| |||| 00| 0 eng d
020 _a9789693504415
040 _c.
082 _a891.4393 QUR
100 _aQurat-Ul-Ain Haider
_99475
245 _aAag ka darya
260 _aLAHORE
_bSANG-E-MEEL
_c2010
300 _a480P
942 _cBK
_2ddc
999 _c571906
_d571906